000 00316nam a22001337a 4500
008 170830b xxu||||| |||| 00| 0 eng d
020 _a9780313306907
041 _aeng
080 _a070
100 _a40
101 _aMED
245 _aPEOPLE FOR AND AGINTS GUN CONTROL
_cBIJLEFELD.M
942 _2udc
_cBK
999 _c25626
_d25626